000 00235nam a22000857a 4500
008 160705b xxu||||| |||| 00| 0 eng d
100 _92255
_a Bloombury Books
245 _aDictionary of English Usage
260 _aLon
_b Bloomsbury Book
_c1994
999 _c1942
_d1942